Personal financial literacy (Record no. 20417)

MARC details
000 -LEADER
fixed length control field 00570nam a22001937a 4500
003 - CONTROL NUMBER IDENTIFIER
control field OSt
005 - DATE AND TIME OF LATEST TRANSACTION
control field 20250813103635.0
008 - FIXED-LENGTH DATA ELEMENTS--GENERAL INFORMATION
fixed length control field 250813b |||||||| |||| 00| 0 eng d
020 ## - INTERNATIONAL STANDARD BOOK NUMBER
International Standard Book Number 13: 9780134986074
040 ## - CATALOGING SOURCE
Transcribing agency Chuka University Library.
050 ## - LIBRARY OF CONGRESS CALL NUMBER
Classification number HG 179 .M33 2019
100 ## - MAIN ENTRY--PERSONAL NAME
Personal name Madura, Jeff; Casey, Mike; Roberts, Sherry J.
9 (RLIN) 21312
245 ## - TITLE STATEMENT
Title Personal financial literacy
250 ## - EDITION STATEMENT
Edition statement 3rd ed
260 ## - PUBLICATION, DISTRIBUTION, ETC.
Place of publication, distribution, etc. Boston,USA
Name of publisher, distributor, etc. Pearson Education
Date of publication, distribution, etc. 2019.
300 ## - PHYSICAL DESCRIPTION
Extent 576p.
650 ## - SUBJECT ADDED ENTRY--TOPICAL TERM
Topical term or geographic name entry element 1. Finance --personnel. 2. Financial literacy.
9 (RLIN) 21313
942 ## - ADDED ENTRY ELEMENTS (KOHA)
Source of classification or shelving scheme Library of Congress Classification
Koha item type Long Loan Books
Suppress in OPAC No
Holdings
Withdrawn status Lost status Source of classification or shelving scheme Damaged status Not for loan Collection Home library Current library Shelving location Date acquired Source of acquisition Cost, normal purchase price Total Checkouts Full call number Barcode Date last seen Copy number Price effective from Koha item type
    Library of Congress Classification     General Collection Books Main Campus Library Postgraduate Library General Stacks 01/07/2025 Donation from books of Africa 7747.71   HG 179 .M33 2019 28391/2025 13/08/2025 2 13/08/2025 Long Loan Books

Powered by Koha